| 000 | 00720nam a2200253Mi 4500 | ||
|---|---|---|---|
| 001 | 43085 | ||
| 005 | 20230410123425.0 | ||
| 008 | 020830s1959 gw u000 u ger d | ||
| 035 | _a(OCoLC)ocm72351088 | ||
| 040 |
_aGWDNB _bger _cGWDNB |
||
| 016 | 7 |
_a357832639 _2GyFmDB |
|
| 035 | _a(OCoLC)72351088 | ||
| 050 | 1 | 4 | _aK39f .1959 |
| 100 | 1 | _aKerff, Gerhard. | |
| 240 | 1 | 0 |
_aFotografische Tricks. _lspan. |
| 245 | 1 | 0 |
_aTrucos y efectos fotográficos / _cGerhard Kerff. [Ubers.: Roberto Fuchs]. |
| 260 |
_aBarcelona : _bEd. Omega, _c1959. |
||
| 300 |
_a63 S. : _bmit Abb. ; _ckl. 8. |
||
| 440 | 0 | _aFoto Biblioteca ; 41 | |
| 700 | 1 | _aFuchs, Roberto. | |
| 942 |
_2lcc _cbk |
||
| 994 |
_aC0 _bDRFGD |
||
| 946 | _aLspaulino | ||
| 999 |
_c61132 _d61132 |
||